000 00888nam a2200277 i 4500
001 13294
003 ES-MaACL
005 20240305170912.0
007 t|
008 980126s1997 sp ||||1| spa d
020 _a84-8188-053-1
080 _a349.34(460)
080 _a331.4(460)
100 1 _aGonzález Sánchez, José Juan.
_958955
245 1 0 _aSeguridad e higiene en el trabajo
_b: formación histórica y fundamentos /
_cJosé Juan González Sánchez.
250 _a1ª ed.
260 _aMadrid :
_bConsejo Económico y Social,
_c1997.
300 _a326 p. ;
_c23 cm.
490 1 _aColección Estudios
504 _aBibliografía : p. [314]-326.
650 1 4 _aHigiene industrial-
_zEspaña.
_913354
650 4 _aSeguridad industrial-
_zEspaña.
_917018
830 0 _aColección estudios
_9178843
852 _aES-MaACL
_jL-20620
_bR.126351
999 _c13294
_d13294